Highest Altitude Countries A-Z - Statistics

General Stats
  • This quiz has been taken 103 times
  • The average score is 19 of 24
Answer Stats
Letter Highest Point Country % Correct
C 8848m China
100%
B 7570m Bhutan
99%
N 8848m Nepal
99%
I 8586m India
96%
P 8611m Pakistan
95%
Y 3666m Yemen
92%
Q 103m Qatar
91%
O 3009m Oman
90%
R 5642m Russia
90%
Z 2592m Zimbabwe
90%
A 7492m Afghanistan
84%
V 4978m Venezuela
84%
F 4810m France
83%
U 6190m United States
83%
J 3776m Japan
82%
K 7439m Kyrgyzstan
81%
T 7495m Tajikistan
81%
E 6267m Ecuador
73%
H 2870m Honduras
68%
G 5201m Georgia
64%
S 4643m Switzerland
61%
M 5881m Myanmar
57%
D 5109m Democratic Republic of the Congo
55%
L 3482m Lesotho
32%
No matching quizzes found
Score Distribution
Percent of People with Each Score
Percentile by Number Answered
Your Score History
You have not taken this quiz